Organisational pattern for village industries / (Record no. 763589)

MARC details
000 -LEADER
fixed length control field 01018nam a2200337 a 4500
001 - CONTROL NUMBER
control field vtls000942169
003 - CONTROL NUMBER IDENTIFIER
control field NLI
005 - DATE AND TIME OF LATEST TRANSACTION
control field 20210627091237.0
008 - FIXED-LENGTH DATA ELEMENTS--GENERAL INFORMATION
fixed length control field 111102s1957 ii s000 0 eng
020 ## - INTERNATIONAL STANDARD BOOK NUMBER
Terms of availability Rs. 1.00
039 #9 - LEVEL OF BIBLIOGRAPHIC CONTROL AND CODING DETAIL [OBSOLETE]
-- 201111021732
-- VLOAD
040 ## - CATALOGING SOURCE
Original cataloging agency NLI
Language of cataloging eng
Transcribing agency Datasoft_IOD
Description conventions AACR2
041 0# - LANGUAGE CODE
Language code of text/sound track or separate title eng
044 ## - COUNTRY OF PUBLISHING/PRODUCING ENTITY CODE
MARC country code ii
082 04 - DEWEY DECIMAL CLASSIFICATION NUMBER
Classification number 338.64(54)
100 1# - MAIN ENTRY--PERSONAL NAME
Personal name Patel, Jhaverbhai
9 (RLIN) 885014
245 10 - TITLE STATEMENT
Title Organisational pattern for village industries /
Statement of responsibility, etc. by Jhaverbhai Patel and Vithal Patwardhan
260 ## - PUBLICATION, DISTRIBUTION, ETC.
Place of publication, distribution, etc. Bambay :
Name of publisher, distributor, etc. Khadi & Village Industries Commission,
Date of publication, distribution, etc. 1957
300 ## - PHYSICAL DESCRIPTION
Extent 104 p. ;
Dimensions 20 cm.
500 ## - GENERAL NOTE
General note Library has 2 cops.
650 #0 - SUBJECT ADDED ENTRY--TOPICAL TERM
Topical term or geographic name entry element Small business
Geographic subdivision India
9 (RLIN) 743307
650 #0 - SUBJECT ADDED ENTRY--TOPICAL TERM
Topical term or geographic name entry element Scale industries
Geographic subdivision India
650 #0 - SUBJECT ADDED ENTRY--TOPICAL TERM
Topical term or geographic name entry element Rural industries
Geographic subdivision India
700 1# - ADDED ENTRY--PERSONAL NAME
Personal name Patwardhan, Vithal,
Relationship jt. aut
9 (RLIN) 885015
887 ## - NON-MARC INFORMATION FIELD
Content of non-MARC field
901 ## - LOCAL DATA ELEMENT A, LDA (RLIN)
a 16334 date
b 30.09.1959
901 ## - LOCAL DATA ELEMENT A, LDA (RLIN)
a 32447 date
b 14.05.1963
9 c.2
902 ## - LOCAL DATA ELEMENT B, LDB (RLIN)
a GP 338.64(54) p272 vi
942 ## - ADDED ENTRY ELEMENTS (KOHA)
Source of classification or shelving scheme Dewey Decimal Classification
Koha item type Books
Holdings
Withdrawn status Lost status Damaged status Not for loan Collection code Home library Current library Shelving location Date acquired Total Checkouts Full call number Date last seen Price effective from Koha item type
        Government Publications National Library of India National Library of India Annexe Reading Room & Stack Division     GP 338.64(54) p272 vi 27/06/2021 27/06/2021 Books
                                                                           
web counter

Copyright ©2020 The National Library of India, Govt. of India ↔ Hosted by NVLI, MOC ↔ Technology and Design by National Library of India, Ministry of Culture, Govt. of India